000
00313nam a2200145 4500
008
211018b ||||| |||| 00| 0 eng d
020
_a
9780195171143
041
_a
eng
080
_2
3rd
_a
910
082
_a
910
100
_a
42
101
_a
GJEO
245
_a
Physical Geography
_c
Blij,H.J
942
_2
ddc
_c
BK
999
_c
58252
_d
58252